000 00440nam a22001817a 4500
005 20230119113013.0
008 200318b xxu||||| |||| 00| 0 eng d
020 _a9788123915852
041 _aeng
082 _a615.19
100 _aJENKINS,GLENL
_96752
245 _aQUANTITATIVE PHARMACEUTICAL CHEMISTRY
250 _a1st, 2008
260 _aNEW DELHI
_bCBS
300 _a518;p x,
650 _aPHARMACY
_xB.PHARMA
_97083
942 _cBK
999 _c6158
_d6156